| 000 | 00992nam a22002777a 4500 | ||
|---|---|---|---|
| 999 |
_c11361 _d11361 |
||
| 003 | AR-CdUCM | ||
| 008 | 190403b ||||| |||| 00| 0 spa d | ||
| 040 |
_aMUNICIPALIDAD PROVINCIAL DEL CUSCO _cBIBLIOTECA MUNICIPAL DEL CUSCO |
||
| 041 | _hpo | ||
| 082 |
_aES / 808.8 / _bL82 _26ed. |
||
| 100 |
_aLobato, Monteiro _927161 |
||
| 245 | _aLas Cacerias de Perucho / | ||
| 260 |
_aBuenos Aires : _bLosada, _c1958. |
||
| 300 |
_a150 paginas ; _bIlustraciones, graficos, dibujos, _c20 cm. |
||
| 440 |
_aMonteiro Lobato _n5 _928689 |
||
| 500 | _aCuento Historias | ||
| 505 | _aContenido: Y era en realidad una onza -- los habitantes de la selva se asustan -- los espias de emilia -- la defensa estrategica -- aparece una nueva niƱa... | ||
| 650 |
_aCuentos _9217 |
||
| 650 |
_aHistoria _9136 |
||
| 650 |
_aLiteratura _983 |
||
| 650 |
_aInfantiles y adolescentes _928676 |
||
| 700 |
_aDe Sosa, M. J. _928668 |
||
| 700 |
_aBaldessari, Silvio _928690 |
||
| 942 |
_2ddc _cLIBROS |
||
| 945 | _apjha | ||